[Event "Bundesliga 9394"]
[Site "Germany"]
[Date "1994.01.29"]
[Round "6.3"]
[White "Hjartarson, Johann"]
[Black "Lanka, Zigurds"]
[Result "1-0"]
[WhiteElo "2595"]
[BlackElo "2540"]
[Annotator "Hjartarson,J"]
[PlyCount "101"]
[EventDate "1993.11.06"]
[EventType "team-tourn"]
[EventRounds "15"]
[EventCountry "GER"]
[SourceTitle "CBM 040"]
[Source "ChessBase"]
[SourceDate "1994.06.01"]
[SourceVersion "1"]
[SourceVersionDate "1994.06.01"]
[SourceQuality "1"]
[WhiteTeam "Bayern Muenchen"]
[BlackTeam "Dresden"]
[WhiteTeamCountry "GER"]
[BlackTeamCountry "GER"]

1. e4 c5 2. Nf3 Nc6 3. d4 cxd4 4. Nxd4 Nf6 5. Nc3 d6 6. Bg5 e6 7. Qd2 a6 8.
O-O-O h6 9. Be3 Qc7 $5 10. f4 Bd7 11. Bd3 b5 12. Kb1 Na5 13. Rhf1 Nc4 14. Bxc4
Qxc4 15. Qd3 (15. e5 b4 $1 (15... Nd5 16. Nxd5 Qxd5 17. Qf2 $14) 16. exf6 bxc3
17. fxg7 Bxg7 18. Qxc3 Qxc3 19. bxc3 Rc8 $15) 15... Qxd3 $6 (15... Rc8 16. h3
b4 17. Nce2 d5 18. e5 Ne4 $10) 16. cxd3 b4 $2 (16... Be7 17. h3 O-O 18. g4 $14
(18. e5 dxe5 (18... Ne8 19. Ne4 $14) 19. fxe5 Nd5 20. Nxd5 exd5 21. Nf5 $14))
17. Nce2 g6 (17... Be7 18. Rc1 O-O 19. Nc6 Bxc6 20. Rxc6 $16) 18. Rc1 Bg7 19.
Rc7 $1 $16 O-O 20. Bd2 {/\e5+-} (20. e5 $2 dxe5 21. fxe5 Nd5 22. Rxd7 Nxe3)
20... e5 $8 21. Nc6 $1 (21. fxe5 dxe5 22. Bxb4 (22. Nf3 $2 Bb5 23. Nxe5 Nxe4
$19) 22... Rfc8 $1 (22... Rfb8 23. Be7 $16) 23. Rxc8+ Rxc8 24. Nf3 Bb5 $44)
21... Bg4 $8 22. Ng3 exf4 23. Bxf4 Ne8 (23... d5 24. Ne7+ Kh7 25. exd5 $18) 24.
Rb7 a5 25. Be3 Be6 26. Ne2 Nf6 (26... Kh7 27. Ned4 $16) 27. Bd4 Bg4 (27... Ng4
28. Ne7+ Kh7 (28... Kh8 29. Nxg6+ $18) 29. Nxg6 $1 Kxg6 30. Nf4+ Kh7 31. Bxg7
Kxg7 32. Nxe6+ $18) 28. Nf4 Nh5 (28... Bc8 29. Ne7+ Kh7 30. Nxc8 Raxc8 31. Ne2
$18) 29. Ne7+ Kh7 30. Bxg7 Nxg7 (30... Kxg7 31. Nexg6 $18) 31. h3 $18 g5 (31...
Bc8 32. Nxc8 (32. Rc7 Ba6 33. Kc2 $18) 32... Raxc8 33. Nd5 f5 34. exf5 Rxf5 35.
Nf6+ Kh8 36. Rxf5 gxf5 37. Rd7 $18) 32. hxg4 gxf4 33. Rxf4 Ne6 34. Rf3 Ra6 (
34... Nd4 35. Rf6 $18) 35. Nd5 Kg7 36. Ne3 Kg6 (36... Nd4 37. Nf5+ Nxf5 38.
Rxf5 $18) 37. Nf5 Kg5 38. Rb5 Nc7 39. Rb7 Ne6 40. Rd7 Nf4 41. Nxd6 Kxg4 42.
Nxf7 Re6 43. Nd6 Ng6 44. Nf5 Kg5 45. Rd5 Re5 46. Rg3+ Kf4 47. Rf3+ Kg5 48. Rd6
Ne7 49. Nd4 Rc8 50. Rg3+ Kh4 51. Rg7 1-0

[Event "ISR-ch"]
[Site "Jerusalem"]
[Date "1996.??.??"]
[Round "2"]
[White "Gruenfeld, Yehuda"]
[Black "Vydeslaver, Alik"]
[Result "0-1"]
[WhiteElo "2520"]
[BlackElo "2440"]
[Annotator "Kantsler,B"]
[PlyCount "104"]
[EventDate "1996.10.26"]
[EventType "swiss"]
[EventRounds "9"]
[EventCountry "ISR"]
[SourceTitle "CBM 056"]
[Source "ChessBase"]
[SourceDate "1997.02.01"]
[SourceVersion "1"]
[SourceVersionDate "1997.02.01"]
[SourceQuality "1"]

1. e4 {Rechlis,G} c5 2. Nf3 Nc6 3. d4 cxd4 4. Nxd4 Nf6 5. Nc3 d6 6. Bg5 e6 7.
Qd2 a6 8. O-O-O h6 9. Be3 Be7 10. f3 Nxd4 11. Bxd4 b5 12. h4 Rb8 13. Qf2 Qa5
14. Kb1 b4 15. Ne2 e5 16. Ba7 Rb7 17. Nc1 Be6 18. g4 $2 {Rechlis,G: It seems
that Yehuda had forgot the correct move order , or just employed a new idea ...
} (18. Nb3 Qc7 19. Be3 a5 20. Ba6 a4 $6 (20... Rb8 $5 $13) 21. Bxb7 axb3 22.
Bd5 Nxd5 23. exd5 bxa2+ 24. Ka1 {+/- Kanstler} Bf5 25. Rc1 Qc4 $44 {Rechlis
1-0 Van der Wiel,J-Tukmakov,V/Thessaloniki olm 1984 (59)}) (18. Be3 d5 19. Nb3
Qa4 20. Bc5 O-O 21. g4 d4 22. Bxe7 Rxe7 23. Bh3 Qc6 24. Nc1 Bc4 25. Bf1 Bxf1
26. Rhxf1 a5 $10 {Ivanchuk,V-Salov,V/Tilburg/1994/0,5/52/}) 18... d5 (18... Nd7
19. Be3 Nc5 20. Nb3 Qc7 $13 {Haba,P-Khalifman,A/GER/1991/}) 19. Nb3 Qc7 20. Bc5
d4 $1 (20... a5 $6 21. Ba6 Rb8 22. g5 $16) 21. Bxe7 (21. Bxa6 $2 Bxb3 22. Bxe7
Bxa2+ $17) 21... Kxe7 22. Bd3 $6 (22. Bxa6 $2 Ra7 23. Bd3 Rha8 $17) (22. Bh3 g5
23. hxg5 hxg5 24. Qd2 Rg8 25. Nc1 a5 26. Bf1 a4 27. Nd3 Qd6 28. Be2 $10) (22.
Qd2 $5 a5 23. Nc1 Nd7 24. g5 $13) 22... a5 23. Qd2 Nd7 24. g5 a4 25. Nc1 a3 26.
b3 Qc3 27. Qxc3 dxc3 (27... bxc3 $5 $15) 28. Be2 $5 Nc5 $1 29. Rhg1 $6 (29. Nd3
$32 Nxd3 30. Bxd3 Rbb8 $15) 29... Rd7 30. Rxd7+ Kxd7 31. g6 (31. Nd3 Nxd3 32.
Bxd3 hxg5 33. hxg5 Rh3 $17) 31... f5 32. Rd1+ Kc6 33. exf5 $6 (33. Nd3 Nxd3 34.
Bxd3 fxe4 35. Bxe4+ Kc7 {/\Rd8=/+/}) 33... Bxf5 34. h5 Rf8 35. Bc4 Bh3 36. Bf7
Bg2 37. Nd3 Nxd3 38. Rxd3 Kc7 39. Kc1 Rd8 40. Re3 (40. Rxd8 Kxd8 $17) 40... Rd2
$1 41. Bc4 (41. Rxe5 Bxf3 42. Re1 Rh2 $19) 41... Kd6 42. Be2 Rd4 43. Bd3 Rh4
44. Kd1 Rh1+ (44... Rxh5 $17) 45. Ke2 Bf1+ $1 (45... Ra1 $2 46. Kf2 $13) 46.
Kf2 Bxd3 47. Rxd3+ Ke6 48. Rd8 Rxh5 49. Ke3 Rh4 $19 (49... Rg5 $6 50. Rb8 $132)
50. Rb8 (50. Rf8 Rf4 $17) 50... Kf5 51. Rb5 Rd4 52. Rb6 h5 0-1

[Event "RUS-ch"]
[Site "Elista"]
[Date "1994.??.??"]
[Round "2"]
[White "Varavin, Viktor"]
[Black "Makarov, Marat"]
[Result "1/2-1/2"]
[WhiteElo "2510"]
[BlackElo "2525"]
[Annotator "Kharitonov,A"]
[PlyCount "105"]
[EventDate "1994.09.??"]
[EventType "swiss"]
[EventRounds "11"]
[EventCountry "RUS"]
[SourceTitle "CBM 044"]
[Source "ChessBase"]
[SourceDate "1995.02.01"]
[SourceVersion "1"]
[SourceVersionDate "1995.02.01"]
[SourceQuality "1"]

1. e4 c5 2. Nf3 Nc6 3. d4 cxd4 4. Nxd4 Nf6 5. Nc3 d6 6. Bg5 e6 7. Qd2 a6 8.
O-O-O h6 9. Be3 Be7 10. f4 Nxd4 (10... Bd7 11. Bd3 b5 12. Kb1 O-O 13. h3 Nxd4
14. Bxd4 Bc6 15. Qe3 Qc7 $13 {Yudasin,L-Oll,L/Pamplona/1991/0,5/52/}) 11. Bxd4
b5 12. Qe3 Qc7 13. e5 dxe5 14. fxe5 Nd7 15. Ne4 Bb7 16. Nd6+ (16. Bd3 Nxe5 $17)
16... Qxd6 $1 17. exd6 Bg5 18. Qxg5 hxg5 19. Bxg7 Rh4 20. Bd4 $146 (20. Bc3 Bd5
21. h3 Nc5 22. Be5 Rc8 23. b3 Kd7 24. Rh2 Re4 25. Bf6 Rf4 $1 26. Bxg5 Rf2 27.
Bd2 (27. Be3 Nxb3+ 28. Kb1 Be4 29. Bxf2 Bxc2+ 30. Kb2 Bxd1 31. axb3 Rc2+ $17) (
27. Be3 Nxb3+ (27... Bxb3 $1 28. Kb2 Ba4 $19 {Klovans,J-Vekshenkov,N/
Novosibirsk/1987/0:1/33/}) 28. axb3 Rcxc2+ 29. Kb1 Rb2+ 30. Ka1 Ra2+ 31. Kb1
Rfb2+ 32. Kc1 Rxb3 {/\33...Be4-+/})) 20... Rc8 $44 21. Rd2 Bd5 22. Be3 (22. Kb1
Nc5) 22... f6 23. Bd3 Ne5 24. b3 (24. Kb1 Kd7 25. Rf1 Nxd3 26. cxd3 (26. Rxd3
Bc4) 26... Rxh2 $17) 24... Kd7 25. Rf1 (25. h3 Kxd6 26. Rf1 Ke7 $17) 25... Rxh2
26. Rxf6 Rxg2 27. Rxg2 Bxg2 28. Kb2 Rg8 $1 (28... Nxd3+ 29. cxd3 Rg8 (29... g4
30. Bf4) 30. Bc5 Rg7 31. Rf8 $132) 29. Be2 (29. Bc5 Bd5 30. Rh6 Kc6 31. b4 g4
32. Rh7 Nd7 $17) 29... Kxd6 $17 30. Rh6 Bf3 $1 31. Bxf3 (31. Bf1 Ng4 32. Rh3
Nxe3 33. Rxf3 Nxf1 34. Rxf1 g4 $19) 31... Nxf3 32. Rh7 g4 33. Ra7 Kd5 34. Rxa6
g3 35. a4 bxa4 36. c4+ $1 Ke5 37. b4 g2 38. b5 g1=Q 39. Bxg1 Rxg1 (39... Nxg1
$2 40. b6 Rb8 41. Ka3 Kd4 42. Kb4 Ne2 43. Kb5 Nc3+ 44. Kc6 Kxc4 45. b7 $10) 40.
b6 Rg8 41. Ka3 Rb8 42. Kxa4 Nd4 43. Kb4 Kd6 44. c5+ Kd5 45. Ra2 e5 46. Rh2 Ra8
$2 (46... Rc8 $1 47. Rh5 (47. b7 Rxc5 $1 48. b8=N (48. b8=Q Nc6+ $19) 48...
Rb5+ $19) (47. Rh7 Nc2+ 48. Kb3 Rxc5 49. Rd7+ (49. b7 Nd4+) 49... Kc6 50. Rc7+
(50. b7 Rb5+ $19) 50... Kxb6 51. Rxc5 Kxc5 52. Kxc2 Kc4 53. Kd2 Kd4 54. Ke2 Ke4
$1) 47... Nc2+ $1 48. Ka4 (48. Kb3 Rxc5 49. b7 Nd4+ $19) (48. Kb5 Rxc5+ 49. Ka6
Nb4+ $19) 48... Ra8+ $1 49. Kb3 Nd4+ 50. Kb4 Nc6+ 51. Kb5 Ra5#) 47. b7 $10 Rb8
(47... Nc6+ 48. Kb5 Ra5+ 49. Kb6 Ra4 50. Rh6 (50. Rd2+ Rd4 $19) 50... Rb4+ 51.
Kc7 $10) 48. Rh7 Kc6 (48... Nc6+ 49. Kb5 Nd8 50. c6 $10) 49. Kc4 Nf3 (49...
Rxb7 50. Rh6+ Kc7 51. Kd5 $10) (49... Re8 50. Re7 $10) 50. Rh6+ Kxb7 (50... Kc7
51. c6 Kb6 52. Kd5 $10) 51. Rb6+ Kc7 52. Rxb8 Kxb8 53. Kd5 (53. Kd5 Kc7 54. Ke4
$10) 1/2-1/2

[Event "URS-ch52 Otborochny"]
[Site "Borjomi"]
[Date "1984.08.??"]
[Round "?"]
[White "Kholmov, Ratmir D"]
[Black "Glek, Igor Vladimirovich"]
[Result "1-0"]
[WhiteElo "2465"]
[BlackElo "2395"]
[Annotator "Kholmov,R"]
[PlyCount "83"]
[EventDate "1984.08.??"]
[EventType "tourn"]
[EventRounds "17"]
[EventCountry "URS"]
[SourceTitle "EXT 2011"]
[Source "ChessBase"]
[SourceDate "2010.11.26"]
[SourceVersion "1"]
[SourceVersionDate "2010.11.26"]
[SourceQuality "1"]

1. e4 c5 2. Nf3 d6 3. d4 cxd4 4. Nxd4 Nf6 5. Nc3 Nc6 6. Bg5 e6 7. Qd2 a6 8.
O-O-O h6 9. Bf4 Bd7 10. Nxc6 Bxc6 11. f3 d5 (11... Qb6 12. Bc4 O-O-O 13. Bb3 d5
$5 14. exd5 Nxd5 15. Nxd5 Bxd5 16. Qc3+ Qc5 17. Qxc5+ Bxc5 18. Bxd5 Rxd5 19.
Rxd5 exd5 20. Rd1 Rd8 {Kholmov-Kremenietsky/Jurmala 1981}) 12. Qe1 Bb4 13. a3
Ba5 14. Bd2 Qe7 15. e5 Nd7 16. Kb1 (16. f4 g5 17. g3 gxf4 18. gxf4 O-O-O 19.
Kb1 Bb6 20. Bh3 Kb8 21. Rf1 Rc8 22. Be3 Rc7 23. f5 Rhc8 24. f6 Qf8 25. Qd2 Bc5
26. Bxh6 Qh8 {0-1 Kholmov,R (2540)-Makarichev,S (2495)/Daugavpils 1978 (48)})
16... Bc7 17. f4 f6 $1 (17... b5 18. Ne2 $1 Bb6 19. Bb4 Bc5 20. Nd4 Bb7 21. f5
Bxb4 22. axb4 $36 {Kholmov-Ivanov,A/Anapa 1981}) 18. exf6 Qxf6 19. g3 O-O 20.
Bg2 $146 (20. Bh3 Rfe8 21. Qe2 Nb6 22. Rhe1 e5 23. fxe5 Bxe5 24. Qd3 Rad8 25.
Bg2 Kh8 26. Rf1 Qe7 27. Rfe1 d4 28. Ne4 Bb5 29. Qb3 d3 30. Bb4 Qc7 31. Ba5 Bc4
32. Rxd3 Bxb3 33. Rxb3 Bd4 34. Rd1 Re5 35. Bd2 Rb5 36. Bf4 Qe7 37. Rxb5 axb5
38. c3 Be5 {0-1 Kholmov,R (2505)-Makarichev,S (2535)/Saratov 1981}) 20... Nb6
21. Be3 (21. Ne2 Nc4 (21... Na4 $145) 22. Bc3 {[%cal Ge2d4]}) 21... Nc4 22. Bd4
Qf7 23. Qe2 Rfe8 24. Rhe1 b5 25. Bf3 a5 26. Bh5 $1 g6 27. Bg4 Bd7 (27... e5
$142) 28. Qd3 Bc6 29. Re2 e5 30. fxe5 Nxe5 31. Bxe5 Rxe5 32. Rxe5 Bxe5 33. Nxd5
Kh7 34. Bf3 b4 35. Nf4 Bxf3 36. Qxf3 Rb8 37. Qd5 (37. Qc6 $2 bxa3 {if} 38. Rd7
$2 a2+ 39. Ka1 Bxb2#) 37... Qf6 (37... Qxd5 38. Rxd5 Bxf4 39. gxf4 bxa3 40. b3
a4 41. Ka2) 38. Qxa5 $1 Bxf4 (38... Bxb2 $2 39. Qc7+) (38... bxa3 $2 39. Rd7+
Kg8 40. Qd5+ Kf8 41. Qxe5 (41. Ne6+ $145 Ke8 42. Qc6) 41... Rxb2+ 42. Kc1 Qxe5
43. Nxg6+) 39. gxf4 Rb7 40. Qd5 Rg7 41. Qd4 Qh4 42. f5 1-0

[Event "FRA-ch"]
[Site "Narbonne"]
[Date "1997.08.21"]
[Round "6"]
[White "Marciano, David"]
[Black "Relange, Eloi"]
[Result "1-0"]
[WhiteElo "2470"]
[BlackElo "2505"]
[Annotator "King,D"]
[PlyCount "87"]
[EventDate "1997.08.15"]
[EventType "tourn"]
[EventRounds "15"]
[EventCountry "FRA"]
[EventCategory "9"]
[SourceTitle "CBM 061"]
[Source "ChessBase"]
[SourceDate "1997.11.23"]
[SourceVersion "1"]
[SourceVersionDate "1997.11.23"]
[SourceQuality "1"]

{(f-pawns)} 1. e4 c5 2. Nf3 d6 3. d4 cxd4 4. Nxd4 Nf6 5. Nc3 Nc6 6. Bg5 e6 7.
Qd2 a6 8. O-O-O h6 9. Be3 Nxd4 10. Bxd4 Be7 11. f4 b5 12. Qe3 Bb7 13. Bxf6 gxf6
{This pawn structure commonly arises from this opening variation. delicate
handling of the situation - particularly from Black - is required .} 14. Bd3 (
14. Kb1 Qa5 15. Bd3 b4 16. Ne2 Qc5 17. Nd4 h5 18. Qe2 a5 19. Bb5+ Kf8 20. Bc4
Qb6 21. f5 e5 22. Nf3 a4 23. Rd2 Rc8 24. Bd5 Ba6 25. Qf2 Qxf2 26. Rxf2 Bd8 27.
g3 Ke7 28. Rg2 Bb6 {Adams,M-Greenfeld,A/EUCup f Ljubljana 1995/CBM 51/1/2-1/2 
(50)}) 14... Qc7 15. f5 Qc5 ({From the evidence of this, and many other games,
it seems better for Black to close the centre rather than allow White to
capture on e6:} 15... b4 16. Ne2 {The knight is driven away from controlling
the d5 square before playing...} e5 {Black generally fares better with this
pawn structure. The double f-pawns do not constitute a disadvantage: they
often give the king protection and Black is able to develop play down the
g-file.} 17. Kb1 Qc5 18. Qf3 O-O-O 19. c3 Kb8 20. cxb4 Qxb4 21. Nc3 Rc8 22. Nd5
Bxd5 23. exd5 a5 24. Rc1 Rxc1+ 25. Rxc1 Rc8 26. Rxc8+ Kxc8 27. Qe4 Kc7 28. Qxb4
axb4 29. Kc2 Kb6 30. Be4 Kc5 {1/2-1/2 Kerek,K-Varga,P/Budapest FS02 IM 1997/
EXP 56}) 16. Qg3 Kd7 17. fxe6+ fxe6 18. Qh3 {[%csl Rd6,Re6,Rf6] Black's king
often finds itself in trouble in these kind of positions as its pawn cover is
shaky.} Rag8 19. Rhe1 (19. Nd5 $5 Bxd5 20. exd5 Qxd5 21. Kb1 Rg5 (21... Qxg2
22. Qe3) 22. Rhe1 Re5 23. Rxe5 Qxe5 24. Qf3 $44) 19... Qg5+ 20. Kb1 Qxg2 21.
Qe3 $44 Rc8 22. Re2 Qg5 23. Qb6 Bc6 24. Nd5 Bxd5 (24... exd5 25. exd5 Qxd5 26.
Qa7+) 25. exd5 Qxd5 26. Qxa6 Rb8 27. c4 Qa8 28. cxb5 Qxa6 29. bxa6 $14 f5 $2 (
29... d5) 30. a4 e5 31. Bxf5+ Kc7 32. a5 Rb5 33. Rc1+ Kb8 34. Rec2 Bg5 35. Rc8+
Rxc8 36. Rxc8+ Ka7 37. Bd3 Rxa5 38. Rc7+ Kb6 39. Rb7+ Kc6 40. b4 Ra3 41. Bb5+
Kd5 42. Kb2 Rh3 43. a7 Rxh2+ 44. Kc3 1-0

[Event "Bundesliga 0506"]
[Site "Germany"]
[Date "2006.01.28"]
[Round "8.2"]
[White "Socko, Bartosz"]
[Black "Acs, Peter"]
[Result "1-0"]
[WhiteElo "2610"]
[BlackElo "2518"]
[Annotator "Konikowski,J"]
[PlyCount "145"]
[EventDate "2005.10.21"]
[EventType "team-tourn"]
[EventRounds "15"]
[EventCountry "GER"]
[SourceTitle "CBM 111"]
[Source "ChessBase"]
[SourceDate "2006.04.04"]
[SourceVersion "1"]
[SourceVersionDate "2006.04.04"]
[SourceQuality "1"]
[WhiteTeam "Kreuzberg"]
[BlackTeam "Eppingen"]
[WhiteTeamCountry "GER"]
[BlackTeamCountry "GER"]

1. e4 c5 2. Nf3 d6 3. d4 cxd4 4. Nxd4 Nf6 5. Nc3 Nc6 6. Bg5 e6 7. Qd2 a6 8.
O-O-O Be7 9. f3 Nxd4 10. Qxd4 b5 11. Kb1 Bb7 12. h4 Qc7 (12... Rc8 13. Qd2 Qc7
14. Bd3 h6 15. Be3 Nd7 (15... b4 16. Na4 d5 17. Nb6 Rd8 18. e5 Ne4 19. fxe4
dxe4 20. Nc4 exd3 21. cxd3 Qc6 22. Rhg1 Qb5 23. Qe2 Bd5 24. Bf4 Qc6 25. Rc1
Bxc4 26. Rxc4 Qd5 27. Rd1 O-O 28. g3 Rd7 29. Qe4 Rfd8 $15 {Sax,G (2511)-Acs,P 
(2600)/Heviz 2003/}) 16. Ne2 Ne5 17. Nd4 d5 18. Bf4 dxe4 19. fxe4 O-O 20. Qe2
Rfd8 21. Nf3 Bd6 22. Nxe5 Bxe5 23. Bxe5 Qxe5 24. g4 g6 25. Qe3 Kg7 26. Rdf1 Rc7
$13 {Nevednichy,V (2589)-Lerner,K (2575)/Bad Woerishofen 2000/}) 13. h5 $146 {
[%mdl 8]} (13. g4 Rc8 14. Be3 d5 15. g5 e5 16. Qd2 d4 17. gxf6 dxe3 18. fxg7
Rg8 19. Qxe3 Rxg7 20. Bh3 Rd8 21. Rxd8+ Qxd8 22. Rd1 Qc7 23. Qh6 Bf8 24. Qh5 b4
25. Ne2 Bc6 26. Nc1 Ba4 27. b3 $16 {Timofeev,A (2575)-Tseitlin,M (2456)/
Rethymnon 2003/}) (13. Qf2 O-O 14. Ne2 Rac8 15. Rc1 e5 16. Ng3 d5 17. Nf5 Kh8
18. exd5 Bxd5 19. h5 h6 20. Bxh6 gxh6 21. Qd2 Rg8 22. Bd3 Rg5 23. Nxh6 Ng8 24.
Nf5 Rd8 25. Qe3 Bf6 26. Be4 Ne7 27. g4 Bxe4 $17 {Zawadzki,S (2398)-Murawski,G 
(2488)/Wroclaw 2005/}) 13... h6 14. Bh4 (14. Bxf6 gxf6 15. g4 O-O-O $13) 14...
Rc8 15. Bd3 Qc5 16. Bf2 Qxd4 17. Bxd4 O-O 18. g4 Nd7 19. Be2 b4 20. Na4 Bc6 21.
Nb6 Nxb6 22. Bxb6 d5 23. Bxa6 Rb8 {[%cal Ya4a3,Ya8a4,Yb8a8,Yc8b8]} 24. Bc7 Ra8
25. Bd3 Rfc8 26. Bb6 Ra4 27. b3 Ra3 28. Bd4 Rca8 29. exd5 Bxd5 30. Be4 Bxe4 31.
fxe4 Rxa2 32. e5 R2a5 33. Bb2 R5a7 34. Rhe1 f6 35. Re4 fxe5 36. Bxe5 $4 {
[%mdl 8192]} (36. Rde1 $11) 36... Kf7 $2 (36... Bf6 $142 $1 37. Bxf6 gxf6 38.
Kc1 Ra1+ 39. Kd2 Rd8+ $19) 37. Rd3 Rb7 38. Bb2 Ra6 39. Rf4+ Kg8 40. Rc4 Kh7 41.
Rc8 Bg5 42. Rf3 Rd6 43. Ra8 Rd1+ 44. Ka2 Rdd7 45. Rff8 Ra7+ 46. Rxa7 Rxa7+ 47.
Kb1 Re7 48. Be5 Rd7 49. Rb8 Rd1+ 50. Kb2 (50. Ka2 Re1 (50... Rd5 51. Bb2 $11)
51. Bd4 Bd2 $11) 50... Re1 $2 (50... Rd5 $142 $5 51. Bc7 Bf6+ 52. Kc1 Bc3 $17)
51. Bd4 Bd2 52. Rd8 $4 (52. c4 $142 bxc3+ 53. Bxc3 Bxc3+ 54. Kxc3 Re3+ 55. Kd4
$11) 52... e5 $19 53. Bxe5 Bg5 $2 (53... Bc1+ $1 54. Ka2 Rxe5 $19) 54. Rd5 (54.
Rd4 Rxe5 55. Rxb4 Bf6 $19) 54... Re4 $4 (54... Rxe5 $142 55. Rxe5 Bf6 $19) 55.
c3 bxc3+ 56. Bxc3 Rxg4 57. Rd7 Bf4 58. b4 Rg5 59. Bf6 Rg2+ $2 (59... Be5+ $1
60. Bxe5 Rxe5 $11) 60. Kb3 $16 Kg8 61. Bd4 Rg5 62. Kc4 Rxh5 63. Rxg7+ Kf8 64.
Rh7 Ke8 65. b5 Rf5 66. b6 Rf7 67. Rxf7 Kxf7 68. Kd5 Ke7 (68... Kg6 69. Bc5 $18)
69. Kc6 h5 70. b7 Bb8 (70... Ke8 71. Bb6 Bb8 72. Bc7 Ba7 73. Kb5 Kd7 74. Ka6
$18) 71. Bb6 h4 72. Bc7 Ba7 73. Kb5 (73. Kb5 Kd7 74. Ka6 $18) 1-0

[Event "URS-chT Republics 19th final A"]
[Site "Azov"]
[Date "1991.??.??"]
[Round "2"]
[White "Glek, Igor Vladimirovich"]
[Black "Serper, Grigory"]
[Result "0-1"]
[WhiteElo "2530"]
[BlackElo "2490"]
[Annotator "Kortschnoj,V"]
[PlyCount "98"]
[EventDate "1991.??.??"]
[EventType "team-tourn"]
[EventRounds "3"]
[EventCountry "URS"]
[SourceTitle "EXT 2020"]
[Source "ChessBase"]
[SourceDate "2019.10.17"]
[SourceVersion "1"]
[SourceVersionDate "2019.10.17"]
[SourceQuality "1"]
[WhiteTeam "Moscow"]
[BlackTeam "Uzbekistan"]
[WhiteTeamCountry "URS"]
[BlackTeamCountry "UZB"]

1. e4 c5 2. Nf3 d6 3. d4 cxd4 4. Nxd4 Nf6 5. Nc3 Nc6 6. Bg5 e6 7. Qd2 a6 8.
O-O-O h6 9. Bf4 Bd7 10. Nxc6 Bxc6 11. f3 d5 12. Qe1 Bb4 13. a3 Ba5 14. Bd2 b5
$5 (14... Qe7) 15. exd5 (15. e5 $5 Nd7 16. Qg3) 15... Nxd5 16. Bd3 Rc8 17. Kb1
(17. Qg3 $5) 17... O-O 18. Nxd5 Bxd2 19. Qxd2 (19. Rxd2 $5 Bxd5 20. Be4 $10)
19... Bxd5 $10 20. f4 (20. Qe2 Qb6 21. Be4 $10) 20... Qb6 21. f5 exf5 22. Bxf5
Rcd8 $15 23. Bd3 a5 24. Rhf1 b4 25. Qf2 Qc6 26. axb4 axb4 27. b3 Qc3 (27...
Bxg2 $5 28. Rg1 Be4) 28. Qd2 Ra8 29. Qxc3 bxc3 30. Bh7+ Kxh7 31. Rxd5 Ra3 $1
32. Rd4 Rfa8 33. Ra4 R8xa4 34. bxa4 Kg6 35. Rf4 f5 36. h4 $2 {36.Tb4! Kf6 37.
Tb6! Ke5 38.Tb3 Ta4 39.Tc3 Te4 40.Kc1 Te2 41.Tg3 g5 42.Kd1 Tf2 43.Te3=,41...
Kf6 42.Kd1 Tf2 43.Ke1 Tc2 44.Kf1=+} Kh5 37. g3 g6 38. Rb4 g5 39. hxg5 hxg5 40.
Rc4 f4 41. gxf4 g4 42. f5 g3 $19 43. Rc8 Rxa4 44. f6 Rf4 45. Rg8 Kh4 46. Rg6
Kh3 47. Ka2 g2 48. Kb3 Rf3 49. f7 Rxf7 0-1

[Event "EU-ch 2nd"]
[Site "Ohrid"]
[Date "2001.06.07"]
[Round "7"]
[White "Ermenkov, Evgenij"]
[Black "Chernyshov, Konstantin"]
[Result "1/2-1/2"]
[WhiteElo "2478"]
[BlackElo "2536"]
[Annotator "Kostakiev,D"]
[PlyCount "66"]
[EventDate "2001.06.01"]
[EventType "swiss"]
[EventRounds "13"]
[EventCountry "YUG"]
[SourceTitle "CBM 084"]
[Source "ChessBase"]
[SourceDate "2001.09.13"]
[SourceVersion "1"]
[SourceVersionDate "2001.09.13"]
[SourceQuality "1"]

1. e4 c5 2. Nf3 Nc6 3. d4 cxd4 4. Nxd4 Nf6 5. Nc3 d6 6. Bg5 {Once upon a time
Ermenkov said that a chess pros opting for 6,Bg5 should have an immence
erudition.} e6 7. Qd2 a6 8. O-O-O h6 (8... Qb6 $5) 9. Be3 Nxd4 10. Bxd4 (10.
Qxd4 $5 Bd7 $1 (10... Ng4 $2 11. e5 {/\11...Ne5 12.Ne4->}) 11. Be2 Qc7 12. f4
Rc8 13. Rd2 (13. e5 $2 dxe5 14. fxe5 Nd5 $1 $15) 13... e5 14. Qd3 Qa5 15. Kb1
Rxc3 $1 16. bxc3 (16. Qxc3 $142 Qxc3 17. bxc3) 16... Be6) 10... b5 11. f4 Bb7
12. Qe3 Be7 (12... Qc7 13. Bb6 Qc6 14. Nd5 Rc8 15. Nxf6+ {1-0 Nunn,J-Lobron,E/
Munich 1991/CBM 23/[Blatny,P] (26)}) 13. Bxf6 gxf6 {Another Ermenkov's famous
saying was that a simmilar Black's Sicilian configuration is the only one who
can promise a draw for Black. It was published in Gipslis "Shahmati" around
1978 by gm Gufeld.} 14. f5 (14. Kb1 b4 (14... Qa5 15. Bd3 b4 16. Ne2 {0-1
Fedorowicz,J-Dlugy,M/Philadelphia 1988/EXT 97 (52)}) 15. Ne2 Qa5 {0-1 Ankerst,
M-Palac,M/Munich 1992/TD (50)}) 14... b4 $146 (14... Qa5 15. Kb1 b4 16. Ne2 Qc5
17. Qb3 {0-1 Gabrielsen,S-Fernandez Siles,L/Copenhagen 1996/CBM 54 ext (37). 
(37)}) 15. Nb1 $11 {2B are enough compensation for the worse pawn structure.}
Qc7 16. Nd2 Qc5 17. Qxc5 dxc5 18. Bc4 Bc8 19. Rhf1 Rg8 20. g3 Rg4 21. Rde1 Kf8
22. b3 a5 23. Re3 a4 24. Kb1 axb3 25. cxb3 exf5 26. exf5 Rd4 27. Rd3 Bd6 28.
Rxd4 cxd4 29. Bd3 Ra5 30. Nc4 Ba6 31. Nb2 Bc8 32. Nc4 Ba6 33. Nb2 Bc8 1/2-1/2